Регионална библиотека "Любен Каравелов" - Русе

Възход и падение (Запис номер 199625)

MARC детайли
000 -Лидер
Контролно поле с фиксирана дължина 01251nam a2200313 c 4500
003 - Код на организацията, давaща контролен номер
Контролно поле BLK
005 - Дата и час на последна редакция
Контролно поле 20190715151538.0
008 - Елементи от данни с фиксирана дължина
fixed length control field 180411b bul|||||r ||||||| ||bul||
010 ## - Наследен системен номер
LC control number KNG00209014000
020 ## - Международен стандартен номер на книга ISBN
Международен стандартен номер на книга ISBN 978-954-8365-93-2
040 ## - Източник на каталожния запис
Идентификатор на билиотеката - собственик на записа BLK
041 ## - Код за език
Код за езика на текст/звукозапис или на отделно заглавие Български
Код за езика КДБФ Български
072 #7 - Код за тематичната категория
Код организация bullib
Код за тематична категория Н8400
Текст Българска поезия Н
080 ## - УДК
Текстов определител УДК Българска литература
УДК код - определител по УДК 821.163.2
УДК определител -1
УДК - код + определител 821.163.2-1
100 1# - Редна дума - Автор
Автор Вангелов, Аспарух Петров
Авторска отговорност първи автор
R(LIN) 386003
139 ## - Редно поле
Редна дума Вангелов, Аспарух Петров
Авторски знак Ван - В 19
245 10 - Сведения за заглавието
Заглавие Възход и падение
Подзаглавни данни Поезия и проза
Редно поле (дума) Аспарух Петров Вангелов.
257 ## - Страна на издаване
Страна на създаване/издаване България
260 ## - Област на издателските данни
Име на издателя, разпространителя и проч. Новата цивилизация
Година на издаване 2017
Печатница София : Алианс принт
300 ## - Физическа характеристика
Страници 120 с.
Илюстрации и др. с факс.
Размери/Мащаб 21 см
380 ## - Жанр
Жанр Худож. лит.
500 ## - Общи забележки
Забележка Биогр. данни за авт. отбелязани на гърба на кор.
659 ## - Тематичен бюлетин
Тематичен бюлетин Н
852 ## - Местоположение
Форматна сигнатура Цб 286363
856 4# - Електронен адрес и достъп
Електронен формат pdf - файл
856 4# - Електронен адрес и достъп
Електронен формат pdf - файл
999 ## - СИСТЕМНИ КОНТРОЛНИ НОМЕРА
Koha biblionumber 199625
Koha biblioitemnumber 199625
942 ## - АРТИКУЛИ
Вид на библиотечния материал Книги
Скрит в OPAC Не
944 ## - СЪЗДАВАНЕ И РЕДАКЦИЯ на ЗАПИСА
Създаване/Редакция Създаване
Дата на регистрацията/редакция 05.07.2017
Служител, извършил регистрацията/редакцията Виолета_Тройчева
944 ## - СЪЗДАВАНЕ И РЕДАКЦИЯ на ЗАПИСА
Създаване/Редакция Редакция
Дата на регистрацията/редакция 14.07.2017
Служител, извършил регистрацията/редакцията Грета_Цуфелде
999 ## - СИСТЕМНИ КОНТРОЛНИ НОМЕРА
Koha biblioitemnumber 199625
Наличности
Код за отписване Код за изгубен артикул Код за повреда Коз за рестрикции Код за отдаване Артикулен № Име на библиотеката - собственик Име на библиотеката, в която се намира в момента Статус (Текущо местоположение) Дата на вписване в системата Местоположение - отдел Цена в лева Инвентарен номер Систематично азбучна сигнатура Баркод Номер на екземпляра Цена в евро Служебна бележка Служебен тип на артикула Източник на класификационната схема
  Не е изгубен Не е повреден без рестрикции ползва се в читалня 346609 Регионална библиотека "Любен Каравелов" Русе Регионална библиотека "Любен Каравелов" Русе Хранилище 2017-07-07 Хранилище 6.00 120000813143 Цб 286363 120000813143 1 3.07 Дост: Dp Вид: Д N: 24 Дата: 17.05.2017 Книги  
  Не е изгубен Не е повреден без рестрикции заемане за дома 730258 Регионална библиотека "Любен Каравелов" Русе Регионална библиотека "Любен Каравелов" Русе Заемна - подръчен фонд 2019-07-15 Заемна - подръчен фонд 6.00   П 886.7-1/В 19 120000834327   3.07   Книги Universal Decimal Classification
  Не е изгубен Не е повреден без рестрикции заемане за дома 730259 Регионална библиотека "Любен Каравелов" Русе Регионална библиотека "Любен Каравелов" Русе Заемна - подръчен фонд 2019-07-15 Заемна - подръчен фонд 6.00   П 886.7-1/В 19 120000834328   3.07   Книги Universal Decimal Classification
Vip Innovations Ltd, Rousse, Bulgaria 2025